The idea of justice / (Record no. 35568)

MARC details
000 -LEADER
fixed length control field 02321nam a2200349 a 4500
005 - DATE AND TIME OF LATEST TRANSACTION
control field 20110217153739.0
010 ## - LCCN (DPL NO)
LC control number B-422328-335
020 ## - INTERNATIONAL STANDARD BOOK NUMBER
International Standard Book Number 9781846141478
Terms of availability 699.00
035 ## - SYSTEM CONTROL NUMBER
System control number B-422328-335
037 ## - SOURCE OF ACQUISITION
Source of stock number/acquisition UBH
082 ## - DEWEY DECIMAL CLASSIFICATION NUMBER
Classification number 320.011
100 ## - MAIN ENTRY--PERSONAL NAME
Personal name Sen, Amartya
245 ## - TITLE STATEMENT
Title The idea of justice /
Statement of responsibility, etc by Amartya Sen
260 ## - PUBLICATION, DISTRIBUTION, ETC. (IMPRINT)
Place of publication, distribution, etc New Delhi
Name of publisher, distributor, etc Penguin Books
Date of publication, distribution, etc 2009.
270 ## - ADDRESS
Address 11 Community Centre, Panchsheel Park
City New Delhi
Postal code 110017
300 ## - PHYSICAL DESCRIPTION
Extent xxviii, 467 p. ;
Dimensions 24 cm(Hb)
504 ## - BIBLIOGRAPHY, ETC. NOTE
Bibliography, etc Includes bibliographical references and indexes.
600 ## - SUBJECT ADDED ENTRY--PERSONAL NAME
Personal name Rawls, John,
Dates associated with a name 1921-2002.
Title of a work Theory of justice.
650 ## - SUBJECT ADDED ENTRY--TOPICAL TERM
Topical term or geographic name as entry element Justice.
650 ## - SUBJECT ADDED ENTRY--TOPICAL TERM
Topical term or geographic name as entry element Social contract.
650 ## - SUBJECT ADDED ENTRY--TOPICAL TERM
Topical term or geographic name as entry element Ethics.
942 ## - ADDED ENTRY ELEMENTS (KOHA)
Source of classification or shelving scheme Dewey Decimal Classification
Item type English Books
Call number suffix SEN
Classification part 320.011
Holdings
Withdrawn status Lost status Not for loan Collection code Home library Current library Date acquired Source of acquisition Cost, normal purchase price Full call number Barcode Copy number Cost, replacement price Koha item type
Withdrawn     Non-fiction Central Library Central Library 17/02/2011 UBH/81/14.8.10/64/1.7.10/4.1.11 699.00 320.011 SEN B-422328 1 699.00 English Books
      Non-fiction Janak Puri Janak Puri 17/02/2011 UBH/81/14.8.10/64/1.7.10/4.1.11 699.00 320.011 SEN B-422330 2 699.00 English Books
      Non-fiction Janak Puri Janak Puri 17/02/2011 UBH/81/14.8.10/64/1.7.10/4.1.11 699.00 320.011 SEN B-422331 2 699.00 English Books
      Non-fiction Karol Bagh Karol Bagh 17/02/2011 UBH/81/14.8.10/64/1.7.10/4.1.11 699.00 320.011 SEN B-422334 1 699.00 English Books
      Non-fiction Patel Nagar Patel Nagar 17/02/2011 UBH/81/14.8.10/64/1.7.10/4.1.11 699.00 320.011 SEN B-422329 1 699.00 English Books
      Non-fiction Sarojini Nagar Sarojini Nagar 17/02/2011 UBH/81/14.8.10/64/1.7.10/4.1.11 699.00 320.011 SEN B-422332 1 699.00 English Books
      Non-fiction Shahdara Branch Shahdara Branch 17/02/2011 UBH/81/14.8.10/64/1.7.10/4.1.11 699.00 320.011 SEN B-422335 1 699.00 English Books
      Non-fiction Vinoba Puri Vinoba Puri 17/02/2011 UBH/81/14.8.10/64/1.7.10/4.1.11 699.00 320.011 SEN B-422333 1 699.00 English Books

© Delhi Public Library
Hit Counter
free hit counter